000 00929cam a2200253 i 4500
001 18653926
005 20180313100250.0
008 150609s2016 enk b 001 0 eng c
010 _a 2015019090
020 _a9781118585603 (pbk.)
040 _aWaSeSS/DLC
_beng
_cWaSeSS
_erda
_dDLC
041 _aeng
042 _apcc
080 _a100 KOW
082 0 0 _a100 KOW
_223
100 1 _a24
101 _aFIL
245 1 0 _aClassic questions and contemporary film :
_cDean Kowalski.
504 _aIncludes bibliographical references and index.
776 0 8 _iOnline version:
_aKowalski, Dean A., author.
_tClassic questions and contemporary film
_bSecond edition.
_dChichester, UK ; Malden, MA : John Wiley & Sons, 2015
_z9781118585610
_w(DLC) 2015024506
906 _a7
_bcbc
_corignew
_d1
_eecip
_f20
_gy-gencatlg
942 _2ddc
_cBK
999 _c44920
_d44920